Statistics for Škoda Car Models Worldwide 2021-22

Click here to take the quiz!

General Stats

  • This quiz has been taken 275 times
    (154 since last reset)
  • The average score is 18 of 24

Answer Stats

HintAnswer% Correct
Compact Liftback SedanOctavia
98%
Compact WagonOctavia Combi
98%
Compact Sport Liftback PHEVOctavia vRS iV
98%
Compact Sport Estate PHEVOctavia vRS iV Combi
98%
Subcompact HatchbackFabia
95%
Subcompact WagonFabia Combi
95%
Midsize SedanSuperb
87%
Midsize WagonSuperb Combi
87%
Midsize Wagon PHEVSuperb Combi iV
87%
Midsize Sedan PHEVSuperb iV
87%
Midsize WagonSuperb Scout
87%
Midsize CrossoverKodiaq
83%
Midsize Crossover CoupeKodiaq GT
83%
Midsize Sport CrossoverKodiaq vRS
83%
Compact CrossoverKaroq
70%
Subcompact CrossoverKamiq
69%
Subcompact Crossover CoupeKamiq GT
69%
Compact HatchbackScala
67%
Compact Crossover EVEnyaq iV
56%
Compact Sport Crossover EVEnyaq iV vRS
56%
Subcompact SedanRapid
54%
Subcompact HatchbackRapid Spaceback
54%
Subcompact SedanSlavia
30%
Subcompact CrossoverKushaq
27%

Score Distribution

Percentile by Number Answered

Percent of People with Each Score

Your Score History

You have not taken this quiz since the last reset